[Event "IECG TG-2007-0-15739"]
[Site "IECG email"]
[Date "2007.04.16"]
[Round "1"]
[White "Beratti, Hernan Rodrigo"]
[Black "Meyers, Richard"]
[Result "1-0"]
[WhiteElo "1148"]
[BlackElo "1100"]
[PlyCount "69"]
[EventDate "2007.04.16"]
[EventType "tourn (corr)"]
[EventRounds "6"]
[SourceTitle "Corr 2024"]
[Source "ChessBase"]
[SourceDate "2023.10.19"]
[SourceVersion "1"]
[SourceVersionDate "2023.10.19"]
[SourceQuality "1"]

1. d4 d5 2. c4 e6 3. Nc3 Nf6 4. Bg5 Nbd7 5. e3 Be7 6. Nf3 c6 7. Rc1 Qa5 8. cxd5 exd5 9. Bd3 Bd6 10. 0-0 0-0 11. Nh4 Re8 12. Nf5 Bc7 13. Qf3 a6 14. Nh6+ gxh6 15. Bxf6 Nxf6 16. Qxf6 Re6 17. Qh4 Bd8 18. Qg3+ Kh8 19. Bf5 Rf6 20. Bxc8 Rxc8 21. b4 Qxb4 22. Nxd5 Qd6 23. Nxf6 Qxf6 24. Rb1 b5 25. Qg4 Ra8 26. Rfc1 Bb6 27. Qd7 Rg8 28. Rxc6 Qg7 29. Qd5 Bd8 30. Rxa6 h5 31. Rxb5 h4 32. Qf3 f6 33. Rb7 Qg5 34. Raa7 Qg6 35. Rxh7+ 1-0

[Event "IECG TG-2007-0-15739"]
[Site "IECG email"]
[Date "2007.04.16"]
[Round "2"]
[White "Meyers, Richard"]
[Black "Beratti, Hernan Rodrigo"]
[Result "0-1"]
[WhiteElo "1100"]
[BlackElo "1148"]
[PlyCount "44"]
[EventDate "2007.04.16"]
[EventType "tourn (corr)"]
[EventRounds "6"]
[SourceTitle "Corr 2024"]
[Source "ChessBase"]
[SourceDate "2023.10.19"]
[SourceVersion "1"]
[SourceVersionDate "2023.10.19"]
[SourceQuality "1"]

1. e4 c5 2. Nf3 d6 3. Bb5+ Nd7 4. Bxd7+ Bxd7 5. 0-0 g6 6. Re1 Bg7 7. c3 Nf6 8. d4 Qc7 9. h3 0-0 10. Bf4 cxd4 11. cxd4 Qb6 12. b3 d5 13. Nc3 dxe4 14. Nxe4 Bc6 15. Nc5 Rfc8 16. Rc1 Qd8 17. Qd3 b6 18. Na4 Nd5 19. Bg3 Bh6 20. Rc2 Nb4 21. Qc4 Nxc2 22. Qd3 Bxf3 0-1

[Event "IECG CF.2006.0.00080 email"]
[Site "IECG email"]
[Date "2006.04.22"]
[Round "?"]
[White "Beratti, Hernan Rodrigo"]
[Black "Kellam, Jeff"]
[Result "0-1"]
[WhiteElo "1155"]
[BlackElo "1150"]
[PlyCount "84"]
[EventDate "2006.04.22"]
[EventType "tourn (corr)"]
[EventRounds "6"]
[SourceTitle "Corr 2008"]
[Source "ChessBase"]
[SourceDate "2008.06.24"]
[SourceVersion "1"]
[SourceVersionDate "2008.06.24"]
[SourceQuality "1"]

1. d4 Nf6 2. c4 e6 3. Nc3 Bb4 4. Bd2 d5 5. e3 0-0 6. Nf3 b6 7. a3 Bxc3 8. Bxc3 Ba6 9. b3 Nbd7 10. Bd3 dxc4 11. bxc4 Bb7 12. 0-0 Ne4 13. Bb2 f5 14. Qc2 Ng5 15. Nxg5 Qxg5 16. e4 Nf6 17. Qc1 Qg6 18. Bc2 Nh5 19. f3 fxe4 20. Qd2 Nf4 21. fxe4 Nh3+ 22. Kh1 Bxe4 23. Bxe4 Rxf1+ 24. Rxf1 Qxe4 25. d5 e5 26. Bxe5 Qxe5 27. gxh3 Qe4+ 28. Kg1 Qxc4 29. Rc1 Qe4 30. Rxc7 Rf8 31. Rc6 Qf5 32. Qd1 Qxh3 33. Qe2 Qxa3 34. Qe6+ Kh8 35. Rc8 Qa1+ 36. Kg2 Qf1+ 37. Kg3 Qf4+ 38. Kh3 Qf3+ 39. Kh4 g5+ 40. Kxg5 Qf4+ 41. Kh5 Rxc8 42. Qxc8+ Kg7 0-1

[Event "IECG TE.2005.P.01927"]
[Site "IECG email"]
[Date "2005.06.19"]
[Round "?"]
[White "Beratti, Hernan Rodrigo"]
[Black "Niewold, Jaap"]
[Result "0-1"]
[WhiteElo "1116"]
[BlackElo "1715"]
[PlyCount "40"]
[EventDate "2005.06.19"]
[EventType "tourn (corr)"]
[EventRounds "8"]
[SourceTitle "Corr 2008"]
[Source "ChessBase"]
[SourceDate "2008.06.24"]
[SourceVersion "1"]
[SourceVersionDate "2008.06.24"]
[SourceQuality "1"]

1. d4 d5 2. e4 dxe4 3. Nc3 Nf6 4. Nge2 Nc6 5. Bg5 h6 6. Bh4 g5 7. Bg3 Bg4 8. d5 Nb4 9. h3 Bh5 10. Be5 c6 11. dxc6 bxc6 12. a3 Nbd5 13. Nxe4 Bg7 14. Nxf6+ Bxf6 15. Bxf6 Nxf6 16. g4 Bg6 17. Bg2 Qxd1+ 18. Rxd1 Rb8 19. b4 c5 20. c3 0-0 0-1

[Event "IECG TE.2005.P.01927"]
[Site "IECG email"]
[Date "2005.06.19"]
[Round "?"]
[White "Scharnberger, Robert C"]
[Black "Beratti, Hernan Rodrigo"]
[Result "1-0"]
[WhiteElo "1943"]
[BlackElo "1116"]
[PlyCount "38"]
[EventDate "2005.06.19"]
[EventType "tourn (corr)"]
[EventRounds "8"]
[SourceTitle "Corr 2008"]
[Source "ChessBase"]
[SourceDate "2008.06.24"]
[SourceVersion "1"]
[SourceVersionDate "2008.06.24"]
[SourceQuality "1"]

1. d4 d5 2. e4 dxe4 3. Nc3 Bf5 4. f3 exf3 5. Qxf3 Qc8 6. Bf4 c6 7. Bc4 Nf6 8. Qe2 Nbd7 9. Nf3 Nb6 10. Bb3 e6 11. Ne5 Be7 12. g4 Bg6 13. 0-0-0 a5 14. h4 a4 15. Bc4 Nbd5 16. Bxd5 Nxd5 17. Bd2 a3 18. b3 Nb4 19. Rdf1 Ra5 1-0

[Event "IECG CF.2005.0.00071 email"]
[Site "IECG email"]
[Date "2005.05.16"]
[Round "?"]
[White "Beratti, Hernan Rodrigo"]
[Black "Rogers, Steven"]
[Result "1-0"]
[WhiteElo "1116"]
[BlackElo "1036"]
[PlyCount "37"]
[EventDate "2005.05.16"]
[EventType "tourn (corr)"]
[EventRounds "6"]
[SourceTitle "Corr 2008"]
[Source "ChessBase"]
[SourceDate "2008.06.24"]
[SourceVersion "1"]
[SourceVersionDate "2008.06.24"]
[SourceQuality "1"]

1. d4 d5 2. c4 dxc4 3. Nf3 c5 4. d5 Qa5+ 5. Bd2 Qb5 6. e4 e6 7. Nc3 Qxb2 8. Rb1 Qa3 9. Nb5 Qxa2 10. Nc7+ Kd8 11. Nxa8 c3 12. Bxc3 exd5 13. Ra1 Qa6 14. Bxa6 Nxa6 15. Qxd5+ Bd7 16. Rxa6 bxa6 17. Ba5+ Kc8 18. Nc7 Nf6 19. Qa8# 1-0

[Event "IECG CF.2005.0.00069 email"]
[Site "IECG email"]
[Date "2005.03.16"]
[Round "?"]
[White "McNally, Tony"]
[Black "Beratti, Hernan Rodrigo"]
[Result "0-1"]
[WhiteElo "1073"]
[BlackElo "1104"]
[PlyCount "68"]
[EventDate "2005.03.16"]
[EventType "tourn (corr)"]
[EventRounds "6"]
[SourceTitle "Corr 2008"]
[Source "ChessBase"]
[SourceDate "2008.06.24"]
[SourceVersion "1"]
[SourceVersionDate "2008.06.24"]
[SourceQuality "1"]

1. d4 Nf6 2. Bg5 Ne4 3. Bf4 d5 4. f3 Nf6 5. e4 dxe4 6. Nc3 e3 7. Bd3 e6 8. Nge2 Nc6 9. 0-0 Nb4 10. Bc4 Nfd5 11. Nxd5 Nxd5 12. Bxd5 exd5 13. Qd3 Be7 14. Rfe1 0-0 15. Qxe3 Re8 16. Nc3 c6 17. Re2 Bd7 18. Qd2 Bh4 19. g3 Be7 20. Rae1 Bf8 21. Rxe8 Bxe8 22. Nd1 Bd7 23. Nf2 Bf5 24. c3 f6 25. Qe2 Qa5 26. a3 Qb6 27. b4 a5 28. g4 Bd7 29. Nd3 Re8 30. Qf1 Rxe1 31. Qxe1 axb4 32. axb4 Qd8 33. Nc5 Bc8 34. Ne6 Qe8 0-1

[Event "IECG TE.2003.P.01204 email"]
[Site "IECG email"]
[Date "2003.08.18"]
[Round "?"]
[White "Beratti, Hernan Rodrigo"]
[Black "Johansson, Mats"]
[Result "0-1"]
[WhiteElo "1115"]
[BlackElo "1922"]
[PlyCount "33"]
[EventDate "2003.08.18"]
[EventType "tourn (corr)"]
[EventRounds "12"]
[SourceTitle "Corr 2008"]
[Source "ChessBase"]
[SourceDate "2008.06.24"]
[SourceVersion "1"]
[SourceVersionDate "2008.06.24"]
[SourceQuality "1"]

1. e4 d5 2. exd5 Qxd5 3. Nc3 Qd6 4. d4 Nf6 5. Nf3 a6 6. Bd3 Nc6 7. 0-0 Bg4 8. Ne4 Nxe4 9. Bxe4 0-0-0 10. c3 e6 11. Qb3 Bxf3 12. Bxf3 Be7 13. Be3 h6 14. g3 Qd7 15. Qa4 Bf6 16. Qc2 Ne7 17. Qf5 0-1

[Event "IECG TE.2003.P.01204 email"]
[Site "IECG email"]
[Date "2003.08.18"]
[Round "?"]
[White "Djoudi, Amar"]
[Black "Beratti, Hernan Rodrigo"]
[Result "1-0"]
[WhiteElo "2274"]
[BlackElo "1115"]
[PlyCount "21"]
[EventDate "2003.08.18"]
[EventType "tourn (corr)"]
[EventRounds "12"]
[SourceTitle "Corr 2008"]
[Source "ChessBase"]
[SourceDate "2008.06.24"]
[SourceVersion "1"]
[SourceVersionDate "2008.06.24"]
[SourceQuality "1"]

1. e4 d5 2. exd5 Qxd5 3. Nc3 Qd6 4. g3 g6 5. Bg2 Bg7 6. Nge2 Nc6 7. 0-0 Nf6 8. d4 Bg4 9. h3 Bxe2 10. Nxe2 0-0 11. Bf4 1-0

[Event "IECG TE.2003.P.01204 email"]
[Site "IECG email"]
[Date "2003.08.18"]
[Round "?"]
[White "Stuart, Keith"]
[Black "Beratti, Hernan Rodrigo"]
[Result "1-0"]
[WhiteElo "953"]
[BlackElo "1115"]
[PlyCount "25"]
[EventDate "2003.08.18"]
[EventType "tourn (corr)"]
[EventRounds "12"]
[SourceTitle "Corr 2008"]
[Source "ChessBase"]
[SourceDate "2008.06.24"]
[SourceVersion "1"]
[SourceVersionDate "2008.06.24"]
[SourceQuality "1"]

1. e4 d5 2. exd5 Qxd5 3. Nc3 Qd6 4. d4 e5 5. Nf3 exd4 6. Nxd4 c6 7. Qe2+ Be7 8. Be3 Nf6 9. 0-0-0 Qc7 10. g3 0-0 11. Bf4 Bd6 12. Bxd6 Qxd6 13. Ndb5 1-0

[Event "IECG CE.2001.0.00016 email"]
[Site "IECG email"]
[Date "2001.11.22"]
[Round "?"]
[White "Beratti, Hernan Rodrigo"]
[Black "Jones, Brendon"]
[Result "0-1"]
[WhiteElo "1200"]
[BlackElo "1308"]
[PlyCount "21"]
[EventDate "2001.11.22"]
[EventType "tourn (corr)"]
[EventRounds "6"]
[SourceTitle "Corr 2008"]
[Source "ChessBase"]
[SourceDate "2008.06.24"]
[SourceVersion "1"]
[SourceVersionDate "2008.06.24"]
[SourceQuality "1"]

1. d4 Nf6 2. c4 e6 3. Nc3 Bb4 4. Nf3 c5 5. g3 cxd4 6. Nxd4 Qc7 7. Qd3 Nc6 8. Bg2 0-0 9. 0-0 Ne5 10. Qc2 Qxc4 11. a3 0-1

[Event "IECG CE.2001.0.00013 email"]
[Site "IECG email"]
[Date "2001.10.03"]
[Round "?"]
[White "Beratti, Hernan Rodrigo"]
[Black "Trevis, Robert R"]
[Result "1-0"]
[WhiteElo "1200"]
[BlackElo "1275"]
[PlyCount "53"]
[EventDate "2001.10.03"]
[EventType "tourn (corr)"]
[EventRounds "6"]
[SourceTitle "Corr 2008"]
[Source "ChessBase"]
[SourceDate "2008.06.24"]
[SourceVersion "1"]
[SourceVersionDate "2008.06.24"]
[SourceQuality "1"]

1. c4 e5 2. Nc3 Nf6 3. Nf3 Nc6 4. g3 Bb4 5. Bg2 0-0 6. 0-0 e4 7. Ng5 Bxc3 8. bxc3 Re8 9. f3 e3 10. d3 d5 11. cxd5 Nxd5 12. Ne4 f5 13. c4 Nb6 14. Nc3 Qf6 15. Bb2 Nd4 16. f4 c6 17. Ba3 Be6 18. Rb1 Bf7 19. Bc5 Nd7 20. Bxd4 Qxd4 21. Rxb7 Nc5 22. Rxf7 Kxf7 23. Bxc6 Qxc3 24. Bxa8 Rxa8 25. Qc1 Qxc1 26. Rxc1 Ne6 27. c5 1-0

[Event "IECG CE.2001.0.00013 email"]
[Site "IECG email"]
[Date "2001.10.03"]
[Round "?"]
[White "Bongiovanni, Claudio"]
[Black "Beratti, Hernan Rodrigo"]
[Result "1-0"]
[WhiteElo "1350"]
[BlackElo "1200"]
[PlyCount "37"]
[EventDate "2001.10.03"]
[EventType "tourn (corr)"]
[EventRounds "6"]
[SourceTitle "Corr 2008"]
[Source "ChessBase"]
[SourceDate "2008.06.24"]
[SourceVersion "1"]
[SourceVersionDate "2008.06.24"]
[SourceQuality "1"]

1. e4 c6 2. d4 d5 3. e5 Bf5 4. Nc3 e6 5. g4 Bg6 6. Nge2 c5 7. Be3 Nc6 8. dxc5 Nxe5 9. Nf4 Nf6 10. Bb5+ Nc6 11. Qe2 Nd7 12. 0-0-0 Be7 13. h4 Bxh4 14. Ncxd5 exd5 15. Nxg6 hxg6 16. Bg5+ Ne7 17. Bxh4 f6 18. Qe6 g5 19. Bxg5 1-0

[Event "IECG CE.2001.0.00013 email"]
[Site "IECG email"]
[Date "2001.10.03"]
[Round "?"]
[White "Thorne, Steve"]
[Black "Beratti, Hernan Rodrigo"]
[Result "1-0"]
[WhiteElo "1300"]
[BlackElo "1200"]
[PlyCount "25"]
[EventDate "2001.10.03"]
[EventType "tourn (corr)"]
[EventRounds "6"]
[SourceTitle "Corr 2008"]
[Source "ChessBase"]
[SourceDate "2008.06.24"]
[SourceVersion "1"]
[SourceVersionDate "2008.06.24"]
[SourceQuality "1"]

1. e4 e5 2. Nf3 Nf6 3. Nxe5 d6 4. Nf3 Nxe4 5. Qe2 Qe7 6. d3 Nf6 7. Bg5 Qxe2+ 8. Bxe2 Be7 9. 0-0 0-0 10. Nc3 Nc6 11. Nb5 Nd5 12. c4 Re8 13. cxd5 1-0